[Event "X Weekend A Primavera"]
[Site "Genova ITA"]
[Date "2007.03.24"]
[Round "2"]
[White "Nikolajevic, Tihomir"]
[Black "Rodriguez Alvarez, Alan"]
[Result "0-1"]
[WhiteElo "1750"]
[BlackElo "2116"]
[PlyCount "74"]
[EventDate "2007.03.23"]

1. e4 c5 2. Nf3 Nc6 3. d4 cxd4 4. Nxd4 Nf6 5. Nc3 e5 6. Ndb5 d6 7. Bg5 a6 8.
Na3 b5 9. Bxf6 gxf6 10. Nd5 Bg7 11. c3 Ne7 12. Nxe7 Qxe7 13. Nc2 f5 14. exf5
O-O 15. Ne3 Bb7 16. Be2 Rfd8 17. Nd5 Qg5 18. Bf3 e4 19. h4 Qh6 20. Bxe4 Re8 21.
f3 Re5 22. Kf1 Rae8 23. Qd3 Bxd5 24. Bxd5 Re3 25. Qd1 Qf4 26. Bb3 Qe5 27. Bc2
Bh6 28. Be4 Bf4 29. Kf2 d5 30. Qxd5 Bg3+ 31. Kxe3 Qxd5 32. Rad1 Qc5+ 33. Kd2 b4
34. Kc2 bxc3 35. bxc3 Be5 36. Rd3 Rc8 37. Rc1 Bxc3 0-1

[Event "X Weekend A Primavera"]
[Site "Genova ITA"]
[Date "2007.03.24"]
[Round "2"]
[White "Pedemonte, Claudio"]
[Black "Astengo, Marcello"]
[Result "0-1"]
[WhiteElo "1928"]
[BlackElo "2072"]
[PlyCount "102"]
[EventDate "2007.03.23"]

1. c4 e6 2. d4 Nf6 3. Nf3 d5 4. g3 c6 5. Qc2 dxc4 6. Bg2 b5 7. O-O Bb7 8. Nbd2
Be7 9. e4 Na6 10. a3 c5 11. e5 Nd7 12. b3 cxb3 13. Qxb3 Qb6 14. Bb2 c4 15. Qe3
Nc7 16. Rfc1 O-O 17. Rab1 Rfc8 18. Ne4 Nd5 19. Qe2 Qa5 20. Nc3 N7b6 21. Ra1 Na4
22. Nxa4 Qxa4 23. Re1 c3 24. Bc1 b4 25. Bg5 b3 26. Bxe7 Ba6 27. Qe4 Nxe7 28.
Ng5 Ng6 29. h4 b2 30. h5 bxa1=Q 31. Rxa1 Nf8 32. Qf4 Qd7 33. d5 exd5 34. Bh3
Qe7 35. Re1 Rc4 36. Qe3 d4 37. Qf3 Bb7 38. Qd3 Bd5 39. f4 Qc5 40. Bf5 h6 41.
Nh3 c2 42. Rc1 Rc3 43. Qd2 Rxg3+ 44. Kf1 Bg2+ 45. Kf2 Bxh3 46. Be4 Rc8 47. Kxg3
Qc3+ 48. Qd3 Qxd3+ 49. Bxd3 Rc3 50. Kxh3 Rxd3+ 51. Kg4 Rc3 0-1

[Event "X Weekend A Primavera"]
[Site "Genova ITA"]
[Date "2007.03.24"]
[Round "2"]
[White "Pesce, Gabriele"]
[Black "De Florio, Federico"]
[Result "0-1"]
[WhiteElo "1984"]
[BlackElo "2053"]
[PlyCount "82"]
[EventDate "2007.03.23"]

1. e4 g6 2. d4 Bg7 3. Nc3 d6 4. Be3 Nf6 5. f3 Nbd7 6. Qd2 h5 7. h4 c6 8. O-O-O
Qa5 9. Kb1 b5 10. Nh3 b4 11. Ne2 Nb6 12. Nc1 Be6 13. Ng5 Nc4 14. Bxc4 Bxc4 15.
Rde1 Rd8 16. b3 Bb5 17. a4 Ba6 18. Rd1 Nd7 19. f4 Nf6 20. Ne2 Ng4 21. Bg1 O-O
22. Ng3 c5 23. f5 c4 24. fxg6 fxg6 25. Ne6 Bh6 26. Qe1 cxb3 27. cxb3 Rc8 28.
Nxf8 Rc3 29. Kb2 Kxf8 30. Ne2 Rc8 31. d5 Qc7 32. Nd4 Bg7 33. Qd2 Kg8 34. Rh3
Bh6 35. Qxb4 Be2 36. Re1 Ne5 37. Nxe2 Qc2+ 38. Ka3 Bd2 39. Rc3 Rxc3 40. Nxc3
Bxc3 41. Qb8+ Kg7 0-1

[Event "X Weekend A Primavera"]
[Site "Genova ITA"]
[Date "2007.03.24"]
[Round "2"]
[White "Pesce, Leandro"]
[Black "Vozza, Nicola"]
[Result "0-1"]
[WhiteElo "1716"]
[BlackElo "1971"]
[PlyCount "114"]
[EventDate "2007.03.23"]

1. e4 e6 2. d4 d5 3. e5 c5 4. c3 Nc6 5. Nf3 Bd7 6. Be2 cxd4 7. cxd4 Nge7 8. O-O
Nf5 9. g4 Nh4 10. Nxh4 Qxh4 11. Bf4 Rc8 12. a3 Qd8 13. Nc3 Qb6 14. Be3 Na5 15.
b4 Rxc3 16. bxa5 Qc7 17. a4 Be7 18. Bd2 Rh3 19. Rc1 Qb8 20. Bb5 f6 21. Kg2 Rh4
22. Bf4 h5 23. h3 hxg4 24. hxg4 fxe5 25. Bg3 Rh3 26. Qe2 a6 27. Bxd7+ Kxd7 28.
Rb1 Bd8 29. Qxa6 bxa6 30. Rxb8 Bxa5 31. Rxh8 Rxh8 32. Bxe5 Bc7 33. f4 Rb8 34.
Kg3 g6 35. f5 Bxe5+ 36. dxe5 gxf5 37. gxf5 Rg8+ 38. Kf4 exf5 39. Re1 Ke6 40.
Kf3 Rg4 41. Ra1 Kxe5 42. a5 Rc4 43. Re1+ Re4 44. Ra1 d4 45. Rc1 Re3+ 46. Kf2
Ra3 47. Rc5+ Ke4 48. Rc6 Rxa5 49. Re6+ Kf4 50. Rd6 Ra2+ 51. Ke1 Ke3 52. Re6+
Kd3 53. Rg6 f4 54. Kf1 Ke3 55. Re6+ Kf3 56. Rd6 a5 57. Rxd4 Ke3 0-1

[Event "X Weekend A Primavera"]
[Site "Genova ITA"]
[Date "2007.03.24"]
[Round "2"]
[White "Rivara, Massimo"]
[Black "Melling, Jonathon"]
[Result "1/2-1/2"]
[WhiteElo "1888"]
[BlackElo "1545"]
[PlyCount "120"]
[EventDate "2007.03.23"]

1. e4 c5 2. Nf3 Nc6 3. Nc3 d6 4. Bc4 Bg4 5. Bxf7+ Kxf7 6. Ng5+ Ke8 7. Qxg4 Nf6
8. Qd1 Qd7 9. O-O h6 10. Nf3 g5 11. d3 e5 12. Nd5 Be7 13. Ne3 Kd8 14. Nf5 Kc7
15. c3 Rag8 16. Be3 b6 17. Qa4 Ne8 18. b4 Kc8 19. bxc5 g4 20. Nxe7+ Nxe7 21.
Qxd7+ Kxd7 22. c6+ Nxc6 23. Nh4 h5 24. Rad1 Nf6 25. Nf5 Ke6 26. Rfe1 Rh7 27.
Bc1 Rd8 28. d4 Nxe4 29. Rxe4 Kxf5 30. Re2 exd4 31. cxd4 Re7 32. Rxe7 Nxe7 33.
Re1 Rd7 34. g3 Ng6 35. Kg2 Re7 36. Be3 Rc7 37. Re2 Rc3 38. h3 Rc7 39. hxg4+
hxg4 40. f3 gxf3+ 41. Kxf3 Ke6 42. Ke4 Rf7 43. Rh2 d5+ 44. Kd3 Nf8 45. Bf4 Ng6
46. Rh6 Kf5 47. Rh5+ Ke6 48. Ke3 Nxf4 49. Re5+ Kd6 50. gxf4 a5 51. f5 b5 52.
Re6+ Kc7 53. Kf4 a4 54. Ra6 Rd7 55. Ke5 Kb7 56. Rd6 Rxd6 57. Kxd6 b4 58. f6 b3
59. f7 bxa2 60. f8=Q a1=Q 1/2-1/2

[Event "X Weekend A Primavera"]
[Site "Genova ITA"]
[Date "2007.03.24"]
[Round "2"]
[White "Vicari, Luigi"]
[Black "Caridi, Nicolo'"]
[Result "1/2-1/2"]
[WhiteElo "2044"]
[BlackElo "1919"]
[PlyCount "68"]
[EventDate "2007.03.23"]

1. d4 Nf6 2. Nf3 g6 3. c4 Bg7 4. g3 c5 5. Bg2 O-O 6. O-O d6 7. dxc5 dxc5 8. Ne5
Nbd7 9. Nd3 a6 10. Qc2 Ra7 11. Rd1 b6 12. Ne5 Qe8 13. Bf4 Nxe5 14. Bxe5 Bd7 15.
Nc3 Bc6 16. Bxc6 Qxc6 17. Rd3 Rd7 18. Rad1 Rfd8 19. Bxf6 Rxd3 20. Rxd3 Rxd3 21.
Qxd3 Bxf6 22. Qd8+ Kg7 23. Nd5 Qe6 24. Nc7 Qxe2 25. Ne8+ Kh6 26. Nxf6 exf6 27.
Qxf6 Qe1+ 28. Kg2 Qe4+ 29. Kg1 Qxc4 30. Qxb6 Qxa2 31. Qxc5 Qxb2 32. Qf8+ Qg7
33. Qa3 Qf6 34. Qf8+ Qg7 1/2-1/2

[Event "X Weekend A Primavera"]
[Site "Genova ITA"]
[Date "2007.03.24"]
[Round "2"]
[White "Zunino, Davide"]
[Black "Manfredi, Vincenzo"]
[Result "1/2-1/2"]
[WhiteElo "1917"]
[BlackElo "2134"]
[PlyCount "100"]
[EventDate "2007.03.23"]

1. d4 Nf6 2. Bf4 c5 3. e3 g6 4. Nf3 Bg7 5. Be2 O-O 6. O-O b6 7. h3 Ba6 8. c3
Bxe2 9. Qxe2 Qc8 10. Na3 d6 11. dxc5 bxc5 12. e4 e5 13. Bg5 Nbd7 14. Rad1 Qc6
15. Rfe1 h6 16. Bxf6 Nxf6 17. Nc4 Rfd8 18. Nfd2 Qa6 19. Nf1 Rab8 20. a3 h5 21.
f3 d5 22. Nxe5 Qxe2 23. Rxe2 dxe4 24. Rxd8+ Rxd8 25. fxe4 Re8 26. Nc6 Nxe4 27.
Nxa7 Bh6 28. Nc6 Bf4 29. a4 f5 30. a5 Re6 31. Nd8 Ra6 32. b4 Bc7 33. Nb7 Ra7
34. Nxc5 Nxc5 35. bxc5 Rxa5 36. Re6 Kf7 37. Rc6 Rxc5 38. Rxc5 Bb6 39. Kf2 Ke6
40. Kf3 Bxc5 41. Ne3 Bd6 42. g3 g5 43. c4 Ke5 44. g4 fxg4+ 45. hxg4 h4 46. Nf5
Bc5 47. Ng7 Be7 48. Nf5 Bf8 49. Kg2 Kf4 50. Kh3 Kf3 1/2-1/2

[Event "X Weekend A Primavera"]
[Site "Genova ITA"]
[Date "2007.03.24"]
[Round "3"]
[White "Astengo, Marcello"]
[Black "Del Nevo, Claudio"]
[Result "1-0"]
[WhiteElo "2072"]
[BlackElo "1921"]
[PlyCount "55"]
[EventDate "2007.03.23"]

1. d4 d6 2. Nf3 Nf6 3. c4 g6 4. Nc3 Bg7 5. e4 O-O 6. Be2 c6 7. O-O Nbd7 8. Bg5
a6 9. Qd2 b5 10. Qc2 b4 11. Na4 Bb7 12. c5 d5 13. e5 Ne4 14. Bf4 e6 15. Bd3 f5
16. exf6 Ndxf6 17. Ne5 Nh5 18. Be3 Bxe5 19. dxe5 Ng5 20. Bxg6 Nf4 21. Bd3 Nf3+
22. Kh1 Nxd3 23. gxf3 Nxe5 24. Rg1+ Kh8 25. Bd4 Qc7 26. Rg5 Rf5 27. Rxf5 exf5
28. Qxf5 1-0

[Event "X Weekend A Primavera"]
[Site "Genova ITA"]
[Date "2007.03.24"]
[Round "3"]
[White "Badano, Fabio"]
[Black "Pedemonte, Claudio"]
[Result "0-1"]
[WhiteElo "1804"]
[BlackElo "1928"]
[PlyCount "82"]
[EventDate "2007.03.23"]

1. e4 d5 2. exd5 Qxd5 3. Nc3 Qa5 4. d4 Nf6 5. Bc4 Bf5 6. Bd2 Qb6 7. Nf3 c6 8.
h3 h6 9. g4 Bh7 10. Bb3 e6 11. Qe2 Nbd7 12. O-O-O O-O-O 13. Bf4 Nd5 14. Nxd5
exd5 15. Rhe1 Nf6 16. Ne5 Bd6 17. Bg3 Qc7 18. f3 Rhe8 19. Qf2 Kb8 20. c4 c5 21.
Bc2 Bxc2 22. Qxc2 Qa5 23. Bf2 Qxa2 24. Rd3 cxd4 25. Bxd4 dxc4 26. Rde3 Qa1+ 27.
Qb1 Qa5 28. Nxc4 Qxe1+ 29. Kc2 Qxb1+ 30. Kxb1 Rxe3 31. Bxe3 b5 32. Na5 Rc8 33.
Bd2 Nd5 34. Nb3 Bb4 35. Bc1 Bc5 36. Nxc5 Rxc5 37. h4 Kb7 38. f4 Kc6 39. g5 h5
40. Bd2 Rc4 41. f5 Rxh4 0-1

[Event "X Weekend A Primavera"]
[Site "Genova ITA"]
[Date "2007.03.24"]
[Round "3"]
[White "Bavosi, Mariano"]
[Black "Gardini, Enrico"]
[Result "0-1"]
[WhiteElo "1866"]
[BlackElo "1915"]
[PlyCount "60"]
[EventDate "2007.03.23"]

1. d4 d5 2. Nf3 Nf6 3. g3 b6 4. Bg2 Bb7 5. O-O Nbd7 6. Re1 e6 7. Nbd2 c5 8. c3
cxd4 9. Nxd4 Nc5 10. N2b3 Nfd7 11. Be3 Be7 12. f4 O-O 13. Bf2 Ne4 14. e3 Rc8
15. Rc1 Ndc5 16. Nxc5 Nxc5 17. b4 Ne4 18. Bxe4 dxe4 19. Nb3 Qd3 20. Qxd3 exd3
21. Red1 Rfd8 22. a3 Bf3 23. Rd2 a5 24. Nd4 Be4 25. Nb3 axb4 26. axb4 Ra8 27.
Ra1 Rxa1+ 28. Nxa1 Bf6 29. Be1 Bxc3 30. Ra2 Bxe1 0-1

[Event "X Weekend A Primavera"]
[Site "Genova ITA"]
[Date "2007.03.24"]
[Round "3"]
[White "Brenco, Marco"]
[Black "Banchio, Davide"]
[Result "0-1"]
[WhiteElo "1922"]
[BlackElo "1946"]
[PlyCount "73"]
[EventDate "2007.03.23"]

1. e4 c5 2. Nf3 d6 3. d4 cxd4 4. Nxd4 Nf6 5. Nc3 g6 6. f4 Nc6 7. Nxc6 bxc6 8.
e5 Bg4 9. Be2 Bxe2 10. Qxe2 dxe5 11. fxe5 Nd5 12. e6 f5 13. Nxd5 Qxd5 14. O-O
Bg7 15. Bg5 Bxb2 16. Rad1 Qc5+ 17. Kh1 O-O 18. Rd7 Bf6 19. Bxf6 Rxf6 20. Rb1
Qa3 21. Qc4 Re8 22. c3 Kf8 23. h3 Qa5 24. Rbb7 Qe5 25. Qxc6 Rxe6 26. Qc7 Qe1+
27. Kh2 Qh4 28. Rd8 f4 29. Rxe8+ Kxe8 30. Qc8+ Kf7 31. Qc4 Qg3+ 32. Kh1 f3 33.
Rb2 Qe1+ 34. Kh2 f2 35. Qf4+ Rf6 36. Qc4+ Kg7 37. Rb7 0-1

[Event "X Weekend A Primavera"]
[Site "Genova ITA"]
[Date "2007.03.24"]
[Round "3"]
[White "Caputi, Giuliano"]
[Black "Dal Zotto, Lorenzo"]
[Result "1-0"]
[WhiteElo "1950"]
[BlackElo "1644"]
[PlyCount "57"]
[EventDate "2007.03.23"]

1. c4 e5 2. Nc3 Nf6 3. g3 Nc6 4. d3 Bb4 5. Bg2 O-O 6. Nf3 Re8 7. Nd2 Bxc3 8.
bxc3 d5 9. cxd5 Nxd5 10. Bb2 Bg4 11. h3 Be6 12. O-O Qd7 13. Kh2 Rad8 14. Ne4
Qc8 15. Nc5 b6 16. Nxe6 Rxe6 17. h4 Nde7 18. Qa4 f5 19. Ba3 Rf8 20. Bxc6 Nxc6
21. Bxf8 Qxf8 22. Qc4 Qf6 23. e3 Kf8 24. d4 Ne7 25. Qxc7 g5 26. dxe5 Rxe5 27.
hxg5 Qe6 28. Rfd1 Nd5 29. Qxh7 1-0

[Event "X Weekend A Primavera"]
[Site "Genova ITA"]
[Date "2007.03.24"]
[Round "3"]
[White "Caridi, Nicolo'"]
[Black "Pesce, Gabriele"]
[Result "0-1"]
[WhiteElo "1919"]
[BlackElo "1984"]
[PlyCount "128"]
[EventDate "2007.03.23"]

1. d4 f5 2. g3 Nf6 3. Bg2 g6 4. Nf3 Bg7 5. O-O O-O 6. b3 d6 7. Bb2 c6 8. c4 Qc7
9. Nbd2 Nh5 10. Qc1 e5 11. dxe5 dxe5 12. e4 f4 13. c5 Qe7 14. Nc4 Nd7 15. Nd6
Rd8 16. Ng5 b5 17. cxb6 Nxb6 18. Nxc8 Raxc8 19. Nf3 Qe6 20. Rd1 Bf6 21. Qc5 g5
22. Bf1 Kg7 23. Bxe5 Bxe5 24. Qxe5+ Qxe5 25. Nxe5 Re8 26. Nc4 Nxc4 27. Bxc4 Rc7
28. Rd4 Nf6 29. gxf4 Rxe4 30. Rxe4 Nxe4 31. fxg5 Nxg5 32. Rd1 Kf6 33. Kg2 Kf5
34. h4 Ne6 35. Kf3 Nf4 36. Rd6 Ng6 37. Kg3 Rg7 38. Be6+ Ke5 39. Rd7 Ne7+ 40.
Bg4 h5 41. Rxe7+ Rxe7 42. Bxh5 Rg7+ 43. Kf3 Rg8 44. Bg4 Rf8+ 45. Ke3 Rf4 46. f3
Rd4 47. h5 a5 48. Kf2 Kf4 49. Ke2 Rd5 50. a3 c5 51. h6 Rd6 52. h7 Rh6 53. Kd3
Rxh7 54. Kc4 Rc7 55. Kb5 Rb7+ 56. Kc4 Ke5 57. Bc8 Rb8 58. Bd7 Kd6 59. Bb5 Rf8
60. Ba4 Rxf3 61. Kb5 Kd5 62. Kb6 Kd4 63. Kxa5 c4 64. bxc4 Kc5 0-1

[Event "X Weekend A Primavera"]
[Site "Genova ITA"]
[Date "2007.03.24"]
[Round "3"]
[White "De Florio, Federico"]
[Black "Brun, Dario"]
[Result "0-1"]
[WhiteElo "2053"]
[BlackElo "2128"]
[PlyCount "126"]
[EventDate "2007.03.23"]

1. d4 d5 2. Nf3 Nf6 3. e3 e6 4. Bd3 c5 5. O-O Nc6 6. b3 Bd6 7. c4 cxd4 8. exd4
O-O 9. Nc3 dxc4 10. bxc4 e5 11. c5 exd4 12. cxd6 dxc3 13. Ba3 Qa5 14. Qb3 Be6
15. Qxb7 Qxa3 16. Qxc6 Bd5 17. Qa6 Qc5 18. Rfd1 Ng4 19. Nd4 Nxf2 20. Bxh7+ Kxh7
21. Kxf2 Rab8 22. Qd3+ Kg8 23. Rac1 Qxd6 24. Qxc3 Qxh2 25. Qg3 Rb2+ 26. Rc2
Qxg3+ 27. Kxg3 Rxc2 28. Nxc2 Be6 29. Rd6 Rb8 30. Nd4 Rb6 31. Rxb6 axb6 32. a3
Kf8 33. Kf4 Ke7 34. Ke5 f6+ 35. Ke4 Kd6 36. g3 Bf7 37. Nc2 Kc5 38. Ne3 Be6 39.
Kd3 g5 40. g4 Kb5 41. Kc3 Ka4 42. Kb2 b5 43. Nd1 Bxg4 44. Nc3+ Ka5 45. Ne4 f5
46. Nxg5 f4 47. Ne4 Bf5 48. Nf2 Kb6 49. Kc3 Kc5 50. Nd1 Kd5 51. Nf2 Ke5 52. Kd2
Kd4 53. Nd1 Kc4 54. Nc3 f3 55. a4 b4 56. Nd1 Kb3 57. a5 Bc8 58. Ke3 Kc2 59. Nf2
b3 60. Nd3 f2 61. Nb4+ Kd1 62. Kxf2 b2 63. Nd5 Kd2 0-1

[Event "X Weekend A Primavera"]
[Site "Genova ITA"]
[Date "2007.03.24"]
[Round "3"]
[White "Gnetti, Paolo"]
[Black "Del Noce, Roberto"]
[Result "1-0"]
[WhiteElo "1671"]
[BlackElo "1881"]
[PlyCount "73"]
[EventDate "2007.03.23"]

1. e4 c5 2. Nf3 d6 3. Bb5+ Bd7 4. Bxd7+ Nxd7 5. c3 g6 6. d4 Bg7 7. O-O Qb6 8.
Na3 Ngf6 9. Re1 cxd4 10. cxd4 Rc8 11. b3 O-O 12. Nc4 Qc7 13. Bd2 d5 14. exd5
Nxd5 15. Rc1 Qb8 16. Nfe5 Rfd8 17. Qf3 Nxe5 18. Nxe5 f6 19. Ng4 Qd6 20. Rxc8
Rxc8 21. Qh3 Rc2 22. Nh6+ Bxh6 23. Bxh6 g5 24. g3 Rc6 25. f4 Qb4 26. Kf1 Qxd4
27. Qh5 Qd3+ 28. Kg2 Rc2+ 29. Kh1 Qg6 30. Qd1 Rc5 31. Qd4 b6 32. b4 Qxh6 33.
bxc5 bxc5 34. Qxd5+ Kg7 35. Rxe7+ Kg6 36. fxg5 Qxg5 37. Qxg5+ 1-0

[Event "X Weekend A Primavera"]
[Site "Genova ITA"]
[Date "2007.03.24"]
[Round "3"]
[White "Grassi, Pietro"]
[Black "Gallucci, Alessio"]
[Result "1/2-1/2"]
[WhiteElo "2199"]
[BlackElo "1910"]
[PlyCount "99"]
[EventDate "2007.03.23"]

1. e4 c5 2. c3 d5 3. exd5 Qxd5 4. d4 Nc6 5. Nf3 Bg4 6. Be2 e6 7. O-O cxd4 8.
cxd4 Nf6 9. Nc3 Qd6 10. Be3 Be7 11. Rc1 O-O 12. Qb3 a6 13. Rfd1 Nb4 14. a3 Nbd5
15. Nxd5 Nxd5 16. Rd2 Qb6 17. Qxb6 Nxb6 18. h3 Bf5 19. Rc7 Bd8 20. Rc1 Nd5 21.
Ne5 Be7 22. Bd3 Bxd3 23. Nxd3 Rfc8 24. Rdc2 Rxc2 25. Rxc2 Bd6 26. Kf1 f6 27.
Ke2 Kf7 28. Kd2 Rd8 29. Nc5 Bxc5 30. Rxc5 Ke7 31. Ke2 Rd7 32. Kf3 Rc7 33. Bf4
Rxc5 34. dxc5 e5 35. Bd2 f5 36. b4 Kd7 37. a4 Kc6 38. Ke2 a5 39. b5+ Kxc5 40.
Bxa5 b6 41. Bd2 Kc4 42. g3 Nf6 43. Be3 Nd7 44. Bd2 Nc5 45. a5 bxa5 46. Bxa5 g6
47. Bc7 Kxb5 48. Bxe5 Kc4 49. Kf3 Kd5 50. Ba1 1/2-1/2

[Event "X Weekend A Primavera"]
[Site "Genova ITA"]
[Date "2007.03.24"]
[Round "3"]
[White "Gromovs, Sergejs"]
[Black "Biancotti, Alessandro"]
[Result "1-0"]
[WhiteElo "2347"]
[BlackElo "1895"]
[PlyCount "59"]
[EventDate "2007.03.23"]

1. d4 Nf6 2. Nf3 c5 3. d5 d6 4. c4 g6 5. Nc3 Bg7 6. e4 O-O 7. h3 e6 8. Bd3 exd5
9. cxd5 Re8 10. O-O Na6 11. Re1 Nb4 12. Bf1 Nd7 13. a3 Na6 14. Bf4 Ne5 15. Nxe5
Bxe5 16. Bxe5 Rxe5 17. f4 Re8 18. e5 Nc7 19. Qf3 Rb8 20. exd6 Qxd6 21. Nb5 Qb6
22. Nxc7 Rxe1 23. Rxe1 Qxc7 24. Re8+ Kg7 25. Qc3+ f6 26. Qe3 Kf7 27. Rh8 Kg7
28. Qe8 Kh6 29. Qf8+ Qg7 30. d6 1-0

[Event "X Weekend A Primavera"]
[Site "Genova ITA"]
[Date "2007.03.24"]
[Round "3"]
[White "Manfredi, Vincenzo"]
[Black "Gioseffi, Massimiliano"]
[Result "1-0"]
[WhiteElo "2134"]
[BlackElo "1726"]
[PlyCount "65"]
[EventDate "2007.03.23"]

1. Nf3 Nf6 2. c4 g6 3. Nc3 Bg7 4. g3 O-O 5. Bg2 d6 6. O-O Nbd7 7. Rb1 e5 8. e4
Nc5 9. d3 a5 10. h3 c6 11. Be3 Ne6 12. d4 Nd7 13. d5 cxd5 14. Nxd5 f5 15. exf5
gxf5 16. Bd2 e4 17. Nh4 Ne5 18. Qh5 Nxc4 19. Bc1 Bd7 20. Nxf5 Be8 21. Nfe7+ Kh8
22. Qe2 Ne5 23. Qxe4 Nc5 24. Qh4 Ng6 25. Nxg6+ Bxg6 26. Bg5 Qe8 27. Rbe1 Qa4
28. g4 Bd3 29. Re7 Bxf1 30. Rxg7 Bd3 31. Bf6 Qd1+ 32. Kh2 Rxf6 33. Qxf6 1-0

[Event "X Weekend A Primavera"]
[Site "Genova ITA"]
[Date "2007.03.24"]
[Round "3"]
[White "Melling, Jonathon"]
[Black "Fabbricini, Dante"]
[Result "1-0"]
[WhiteElo "1545"]
[BlackElo "1502"]
[PlyCount "113"]
[EventDate "2007.03.23"]

1. e4 c5 2. Nf3 d6 3. Nc3 Nf6 4. d4 cxd4 5. Nxd4 a6 6. Bg5 e6 7. Bd3 Be7 8. Qe2
Nbd7 9. O-O Qc7 10. Rad1 b5 11. a3 Bb7 12. Rfe1 Nc5 13. Qd2 Nxd3 14. cxd3 O-O
15. Rc1 Qa5 16. Nd5 Qxd2 17. Nxe7+ Kh8 18. Bxd2 Rfe8 19. Nec6 Nd7 20. Na5 Bc8
21. b4 Ne5 22. Rc3 Ng6 23. Rec1 d5 24. exd5 exd5 25. Re1 Be6 26. Nb7 Rf8 27.
Nxe6 fxe6 28. Rxe6 Rf7 29. Nd6 Rff8 30. Nb7 Rf7 31. Na5 Raf8 32. f3 Nh4 33. d4
Nf5 34. Nc6 Rc7 35. Re5 Nd6 36. Rxd5 Nc4 37. Bc1 Rxc6 38. Kf2 Kg8 39. Rd7 Ra8
40. d5 Rcc8 41. g4 Rf8 42. Be3 Ne5 43. Rdc7 Nxg4+ 44. Ke2 Nxh2 45. Bc5 Rfe8+
46. Re7 Rxe7+ 47. Bxe7 Re8 48. d6 Kf7 49. Kf2 Nxf3 50. Kxf3 Ke6 51. Rc7 Ra8 52.
d7 Kxe7 53. Rc8 Rxc8 54. dxc8=Q g6 55. Qxa6 Kf7 56. Kg4 h5+ 57. Kg5 1-0

[Event "X Weekend A Primavera"]
[Site "Genova ITA"]
[Date "2007.03.24"]
[Round "3"]
[White "Merlo, Andrea"]
[Black "Nikolajevic, Tihomir"]
[Result "1/2-1/2"]
[WhiteElo "1971"]
[BlackElo "1750"]
[PlyCount "86"]
[EventDate "2007.03.23"]

1. d4 Nf6 2. c4 e6 3. Nc3 Bb4 4. e3 c5 5. a3 Bxc3+ 6. bxc3 b6 7. Bd3 Bb7 8. f3
Nc6 9. Ne2 d6 10. Bb2 e5 11. O-O O-O 12. Ng3 Re8 13. Qc2 Na5 14. Rad1 Qc7 15.
d5 Ba6 16. Qe2 Rad8 17. Rf2 Qd7 18. Nf1 Qa4 19. Nd2 Rb8 20. g4 h6 21. Rb1 Qd7
22. h4 Nh7 23. Rg2 g6 24. g5 h5 25. Ne4 Qe7 26. Rf1 Bc8 27. Rg3 Kg7 28. f4 Bf5
29. Nf6 e4 30. Nxe8+ Rxe8 31. Bc2 Rf8 32. Bc1 f6 33. Kh1 fxg5 34. hxg5 Rh8 35.
a4 Nf8 36. Rg2 Qd7 37. Rh2 Bg4 38. Qf2 Bf3+ 39. Kg1 Qe7 40. Bd1 Bxd1 41. Rxd1
Qd7 42. Qc2 Qf5 43. Rf1 Nd7 1/2-1/2

[Event "X Weekend A Primavera"]
[Site "Genova ITA"]
[Date "2007.03.24"]
[Round "3"]
[White "Rodriguez Alvarez, Alan"]
[Black "De Santis, Alessio"]
[Result "0-1"]
[WhiteElo "2116"]
[BlackElo "2307"]
[PlyCount "70"]
[EventDate "2007.03.23"]

1. e4 c5 2. Nf3 e6 3. d4 cxd4 4. Nxd4 a6 5. c4 Nf6 6. Bd3 Qc7 7. Nc3 Nc6 8. Nc2
Ne5 9. Qe2 d6 10. Ne3 Bd7 11. O-O Rc8 12. Kh1 Be7 13. Bd2 O-O 14. Rac1 Nxd3 15.
Qxd3 Rfd8 16. b3 Bc6 17. Rfd1 b6 18. f3 Qb7 19. Be1 Nh5 20. Bf2 Nf4 21. Qf1 b5
22. g3 Ng6 23. Kg1 Ne5 24. Be1 bxc4 25. bxc4 Qa7 26. Bf2 Nxf3+ 27. Kg2 Ng5 28.
Ned5 Qd7 29. Nb6 Qb7 30. Qe2 Nxe4 31. Nxe4 Bxe4+ 32. Kg1 Bf3 33. Qd3 Rb8 34.
Re1 Qc6 35. h4 Rxb6 0-1

[Event "X Weekend A Primavera"]
[Site "Genova ITA"]
[Date "2007.03.24"]
[Round "3"]
[White "Saffioti, Cristian"]
[Black "Menichini, Massimo"]
[Result "1-0"]
[WhiteElo "1938"]
[BlackElo "1566"]
[PlyCount "99"]
[EventDate "2007.03.23"]

1. e4 e5 2. Nf3 d6 3. d4 exd4 4. Nxd4 Nf6 5. Nc3 Be7 6. Bf4 Bd7 7. Be2 Nc6 8.
Qd2 O-O 9. O-O-O Ne5 10. f3 c6 11. g4 Be6 12. Nxe6 fxe6 13. Bxe5 dxe5 14. Bc4
Qxd2+ 15. Rxd2 Kf7 16. h4 Bc5 17. Nd1 Rad8 18. Rhh2 Ke7 19. c3 Nd7 20. b4 Bb6
21. Rd3 Nb8 22. Rhd2 Rf4 23. Rxd8 Bxd8 24. Rd3 Bb6 25. Kd2 Nd7 26. Ke2 h5 27.
gxh5 Rxh4 28. Ne3 Nf6 29. Rd1 Rxh5 30. Rg1 g5 31. Rg2 Kf7 32. Nf5 Nd5 33. exd5
exf5 34. dxc6+ Kf6 35. cxb7 Rh8 36. a4 Rb8 37. a5 Bc7 38. Bd5 a6 39. Rh2 Kg7
40. c4 e4 41. Rg2 exf3+ 42. Kxf3 g4+ 43. Ke2 Kf6 44. Kd3 g3 45. Re2 Be5 46. c5
f4 47. c6 Kf5 48. Rxe5+ Kxe5 49. c7 Rxb7 50. Bxb7 1-0

[Event "X Weekend A Primavera"]
[Site "Genova ITA"]
[Date "2007.03.24"]
[Round "3"]
[White "Tampoia, Chiara"]
[Black "Rivara, Massimo"]
[Result "0-1"]
[WhiteElo "1602"]
[BlackElo "1888"]
[PlyCount "48"]
[EventDate "2007.03.23"]

1. e4 c5 2. Nf3 d6 3. d4 cxd4 4. Nxd4 Nf6 5. Nc3 a6 6. Be2 e5 7. Nf3 h6 8. O-O
Be7 9. Ne1 Be6 10. Be3 Nbd7 11. Kh1 Rc8 12. a3 O-O 13. f4 Qc7 14. f5 Bc4 15.
Rg1 Bxe2 16. Qxe2 Qc4 17. Qf3 Nc5 18. Bxc5 Qxc5 19. Rd1 Qb6 20. b4 Rxc3 21. Nd3
Rfc8 22. Rc1 Rxc2 23. Rxc2 Rxc2 24. Ra1 Qd4 0-1

[Event "X Weekend A Primavera"]
[Site "Genova ITA"]
[Date "2007.03.24"]
[Round "3"]
[White "Virgilio, Gianluca"]
[Black "Pesce, Leandro"]
[Result "0-1"]
[WhiteElo "1891"]
[BlackElo "1716"]
[PlyCount "54"]
[EventDate "2007.03.23"]

1. e4 c5 2. c3 d5 3. exd5 Qxd5 4. Nf3 Nf6 5. d4 Bg4 6. Be2 e6 7. O-O Nc6 8. Be3
cxd4 9. cxd4 Be7 10. Nc3 Qd6 11. Nb5 Qb8 12. Qd2 Nd5 13. Rac1 O-O 14. a3 a6 15.
Nc3 Nxe3 16. fxe3 Rd8 17. Bd3 Bh5 18. Qf2 Bg6 19. Bxg6 hxg6 20. Ne4 Rd5 21. Nh4
Qe8 22. Qg3 Rad8 23. Qh3 Rh5 24. g3 g5 25. Nxg5 Bxg5 26. Qg4 Bxe3+ 27. Kh1 Rg5
0-1

[Event "X Weekend A Primavera"]
[Site "Genova ITA"]
[Date "2007.03.24"]
[Round "3"]
[White "Vozza, Nicola"]
[Black "Bitossi, Massimo"]
[Result "1-0"]
[WhiteElo "1971"]
[BlackElo "1815"]
[PlyCount "81"]
[EventDate "2007.03.23"]

1. d4 Nf6 2. c4 c5 3. d5 e6 4. Nc3 exd5 5. cxd5 d6 6. e4 g6 7. Bd3 Bg7 8. Nge2
O-O 9. O-O Re8 10. h3 a6 11. a4 Nbd7 12. f4 c4 13. Bc2 Nc5 14. Ng3 h5 15. e5
dxe5 16. f5 e4 17. fxg6 fxg6 18. Bg5 Qb6 19. a5 Qd6 20. Bf4 Qd7 21. Na4 Qb5 22.
Nb6 Ra7 23. Nxc8 Rxc8 24. Be5 Ncd7 25. Bd4 Raa8 26. Ba4 Qxd5 27. Bxd7 Nxd7 28.
Bxg7 Qc6 29. Bc3 Re8 30. Qd4 Ne5 31. Qxe4 Rad8 32. Qxc6 Nxc6 33. Rf6 Kh7 34.
Rf7+ Kh6 35. Bg7+ Kh7 36. Bf6+ Kg8 37. Rg7+ Kf8 38. Rf1 Ne7 39. Bc3+ Nf5 40.
Nxf5 gxf5 41. Rxf5# 1-0

[Event "X Weekend A Primavera"]
[Site "Genova ITA"]
[Date "2007.03.24"]
[Round "3"]
[White "Zunino, Davide"]
[Black "Vicari, Luigi"]
[Result "1-0"]
[WhiteElo "1917"]
[BlackElo "2044"]
[PlyCount "47"]
[EventDate "2007.03.23"]

1. d4 Nf6 2. Bf4 g6 3. e3 Bg7 4. Nf3 d6 5. Be2 Nbd7 6. O-O O-O 7. h3 c6 8. c4
Re8 9. Nc3 e5 10. dxe5 dxe5 11. Nxe5 Qb6 12. Nd3 Qa6 13. c5 Ne4 14. Nxe4 Rxe4
15. Ne5 Qa5 16. Nxd7 Bxd7 17. Qxd7 Rxf4 18. exf4 Rd8 19. Qxb7 Qd2 20. Rad1 Qa5
21. Rxd8+ Qxd8 22. Bc4 Bd4 23. Qxf7+ Kh8 24. h4 1-0

[Event "X Weekend A Primavera"]
[Site "Genova ITA"]
[Date "2007.03.25"]
[Round "4"]
[White "Astengo, Marcello"]
[Black "Zunino, Davide"]
[Result "1/2-1/2"]
[WhiteElo "2072"]
[BlackElo "1917"]
[PlyCount "46"]
[EventDate "2007.03.23"]

1. d4 Nf6 2. c4 e6 3. Nc3 Bb4 4. f3 d5 5. a3 Be7 6. e4 dxe4 7. fxe4 e5 8. d5
Bc5 9. Bg5 h6 10. Bh4 g5 11. Bg3 Bd4 12. Nf3 Bg4 13. Qa4+ Nbd7 14. Bxe5 Bxe5
15. Nxe5 Bh5 16. Bd3 O-O 17. Nxd7 Nxd7 18. O-O Ne5 19. Be2 Bxe2 20. Nxe2 Qd6
21. Rac1 Qc5+ 22. Kh1 Nd3 23. Ng3 Nxc1 1/2-1/2